| 000 | 01044nam a2200253 u 4500 | ||
|---|---|---|---|
| 001 | 000025997 | ||
| 005 | 20251120073732.0 | ||
| 008 | 100818s1986 dr r 001 0 spa d | ||
| 040 |
_aDO-SdBNP _bspa _cBNPHU |
||
| 082 |
_a230.0464 _bT314l,1986 |
||
| 245 | 0 | 3 |
_aLa teología de la liberación : _bdocumentos papales / _cprólogo Francisco José Arnáis. |
| 260 |
_aSantiago de los Caballeros, República Dominicana : _bUCMM, _c1986. |
||
| 300 |
_a102 p. ; _c20 cm. |
||
| 490 | 1 | _aEstudios | |
| 504 | _aIncluye referencias bibliográficas y notas al pie de páginas. | ||
| 505 | 0 |
_tInstrucción sobre algunos aspectos de la teología de la liberación -- _tInstrucción sobre libertad cristiana y liberación. |
|
| 590 | _aInventariado, 2018/BT | ||
| 650 | 4 |
_aTeología de la liberación _95838 |
|
| 650 | 4 |
_aLibertad (teología) _923187 |
|
| 700 | 1 |
_aArnáis, Francisco José, _epról. _944019 |
|
| 710 | 2 |
_aPontificia Universidad Católica Madre y Maestra _9843 |
|
| 830 | 0 |
_aEstudios _93854 |
|
| 910 | _aValidado. Control de calidad. EMS | ||
| 999 |
_c25489 _d25489 |
||